Statistics for Name a Valid Answer - United States #2

Click here to take the quiz!

General Stats

  • This quiz has been taken 10,907 times
  • The average score is 11 of 18

Answer Stats

CategoryValid Answers% Correct
First name of a Roosevelt who was PresidentFranklin | Theodore
98%
One of the top 3 pizza chains by sales
Domino's | Pizza Hut | Little Caesar's
95%
Last name of a President that is four letters longBush | Ford | Polk | Taft
84%
Celebrity named Jennifer who Ben Affleck has datedJennifer Lopez | Jennifer Garner
83%
A size of drink at Starbucks
Short | Tall | Grande | Venti | Trenta
81%
Name of an atomic bomb dropped over JapanLittle Boy | Fat Man
64%
National park in California other than Yosemite
Channel Islands | Death Valley |
Joshua Tree | Kings Canyon | Lassen Volcanic |
Pinnacles | Redwood | Sequoia
57%
People that Tom Cruise has been married toMimi Rogers | Nicole Kidman | Katie Holmes
56%
WWII Pacific Theater battle resulting in more
than 5,000 U.S. deaths
Okinawa | Luzon | Guadalcanal | Iwo Jima
55%
NFL team that plays in a different city now than
they did in 1990
Baltimore Ravens | Las Vegas Raiders |
Los Angeles Chargers | Tennessee Titans
52%
Nobel Peace Prize winner born in GeorgiaJimmy Carter | Martin Luther King Jr.
51%
City with an active U.S. coin mintPhiladelphia | Denver | San Francisco | West Point
51%
State that bans billboardsAlaska | Hawaii | Maine | Vermont
49%
U.S. city that borders a Canadian city
which has the same name
Niagara Falls | Sault Ste. Marie
39%
A grade of beef
Prime | Choice | Select | Standard | Commercial |
Utility | Cutter | Canner
38%
Major "Saved by the Bell" character
A.C. Slater | Kelly Kapowski | Jesse Spano |
Lisa Turtle | Principal Belding | Screech | Zack Morris
36%
Movie based on a "Saturday Night Live" skit
The Blues Brothers | Wayne's World | Coneheads |
Wayne's World 2 | It's Pat | Stuart Saves His Family |
Blues Brothers 2000 | A Night at the Roxbury |
Superstar | The Ladies Man | MacGruber
35%
One of the yellow properties in MonopolyAtlantic Avenue | Ventnor Avenue | Marvin Gardens
31%

Score Distribution

Percentile by Number Answered

Percent of People with Each Score

Your Score History

You have not taken this quiz